Problemas de física del estado sólido /
محفوظ في:
| المؤلف الرئيسي: | |
|---|---|
| مؤلفون آخرون: | , |
| التنسيق: | الكتروني كتاب الكتروني |
| اللغة: | الإسبانية الإنجليزية |
| منشور في: |
Barcelona :
Editorial Reverté,
[2021]
|
| الموضوعات: | |
| الوصول للمادة أونلاين: | Digitalia Hispánica |
| الوسوم: |
إضافة وسم
لا توجد وسوم, كن أول من يضع وسما على هذه التسجيلة!
|
MARC
| LEADER | 00000nam a2200000Ii 4500 | ||
|---|---|---|---|
| 001 | DIGRVRT0398 | ||
| 003 | NyNyDIG | ||
| 006 | m o d | ||
| 007 | cr ||||||||||| | ||
| 008 | 221208s2021 sp a o 000 0 spa d | ||
| 035 | |a (OCoLC)1356001690 | ||
| 040 | |a DGITA |b eng |e rda |e pn |c DGITA | ||
| 020 | |a 9788429190434 |q e-book |q pdf | ||
| 020 | |z 9788429140378 |q papel | ||
| 041 | 1 | |a spa |h eng | |
| 050 | 1 | 4 | |a QC176 ebook |
| 082 | 0 | 4 | |a 530.41 |
| 100 | 1 | |a Goldsmid, H. J., |e author. | |
| 240 | 1 | 0 | |a Problems in solid state physics. |l Spanish |s (Bru and Serna) |
| 245 | 1 | 0 | |a Problemas de física del estado sólido / |c H. J. Goldsmid ; versión española por Luis Bru y J. Serna. |
| 264 | 1 | |a Barcelona : |b Editorial Reverté, |c [2021] | |
| 300 | |a 1 online resource : |b illustrations. | ||
| 336 | |a text |b txt |2 rdacontent | ||
| 337 | |a computer |b c |2 rdamedia | ||
| 338 | |a online resource |b cr |2 rdacarrier | ||
| 347 | |a text file |2 rdaft | ||
| 347 | |b PDF | ||
| 588 | 0 | |a Online resource; title from PDF title page (Digitalia, viewed December 8, 2022) | |
| 650 | 0 | |a Solid state physics. | |
| 700 | 1 | |a Bru, Luis, |e translator. | |
| 700 | 1 | |a Serna, J., |e translator. | |
| 700 | 1 | |i Translation of: |a Goldsmid, H. J. |t Problems in solid state physics. | |
| 791 | 2 | |a Digitalia (Firm), |e distributor. | |
| 793 | 0 | |g Digitalia eBook Collection: |a Editorial Reverté | |
| 776 | 0 | 8 | |i Print version: |a Goldsmid, H. J. |s Problems in solid state physics. Spanish (Bru and Serna). |t Problemas de física del estado sólido. |d Barcelona : Editorial Reverté, [1975] |z 9788429140378 |
| 856 | 4 | 0 | |3 Digitalia Hispánica |u https://digitalia.unach.elogim.com/a/110576/ |
| 910 | |a Premium collection: 2022 | ||